Estudios sobre poesía española contemporánea
Gespeichert in:
| 1. Verfasser: | |
|---|---|
| Format: | Buch |
| Sprache: | Undetermined |
| Veröffentlicht: |
Madrid, España
Guadarrama
1975
|
| Ausgabe: | 4 |
| Schlagworte: | |
| Tags: |
Tag hinzufügen
Keine Tags, Fügen Sie den ersten Tag hinzu!
|
MARC
| LEADER | 00000nam a2200000Ia 4500 | ||
|---|---|---|---|
| 008 | 170316s9999 xx 000 0 und d | ||
| 040 | |a cru BVZT | ||
| 090 | |a 862 C-36e | ||
| 100 | |a Cernuda, Luis | ||
| 245 | |a Estudios sobre poesía española contemporánea | ||
| 250 | |a 4 | ||
| 260 | |a Madrid, España |b Guadarrama |c 1975 | ||
| 300 | |a 187 páginas | ||
| 650 | |a LITERATURA ESPAÑOLA | ||
| 650 | |a POESÍA CONTEMPORNEA | ||
| 650 | |a GENERACIÓN DE 1898 - MODERNISMO | ||
| 650 | |a GENERACIÓN DE 1925 | ||
| 650 | |a RAMÓN CAMPOAMOR | ||
| 650 | |a GUSTAVO ADOLFO BÉCQUER | ||
| 650 | |a MIGUEL DE UNAMUNO | ||
| 650 | |a ANTONIO MACHADO | ||
| 650 | |a JUAN RAMÓN JIMÉNEZ | ||
| 650 | |a LEÓN FELIPE | ||
| 650 | |a JOSÉ MORENO VILLA | ||
| 650 | |a RAMÓN GÓMEZ DE LA SERNA | ||
| 650 | |a PEDRO SALINAS | ||
| 650 | |a FEDERICO GARCÍA LORCA | ||
| 650 | |a MIGUEL HERNÁNDEZ | ||
| 999 | |c 9671 |d 9671 | ||
| 942 | |c 15 D |h 862 C-36e |2 z | ||
